bible books A-Z - Statistics

General Stats
  • This quiz has been taken 91 times
    80 since last reset
  • The average score is 45 of 66
Answer Stats
letter book % Correct
J John
94%
M Matthew
90%
L Luke
88%
P Psalms
88%
R Revelation
88%
M Mark
87%
A Acts
85%
E Exodus
84%
G Genesis
82%
D Deuteronomy
81%
J Job
81%
L Leviticus
81%
N Numbers
81%
R Ruth
81%
J 1 John
79%
J 2 John
79%
K 1 Kings
78%
K 2 Kings
75%
J 3 John
74%
D Daniel
74%
J Judges
74%
P Proverbs
74%
C 1 Corinthians
72%
C 2 Corinthians
72%
C Colossians
72%
J James
72%
J Joshua
72%
S 1 Samuel
71%
S 2 Samuel
71%
E Esther
71%
C 1 Chronicles
69%
T 1 Timothy
69%
C 2 Chronicles
69%
T 2 Timothy
69%
E Ephesians
68%
J Jeremiah
68%
J Jude
68%
T Titus
68%
M Malachi
65%
O Obadiah
65%
R Romans
65%
E Ezekiel
63%
E Ezra
63%
I Isaiah
63%
P Philippians
63%
A Amos
62%
G Galatians
62%
J Jonah
62%
H Hebrews
60%
L Lamentations
60%
P 1 Peter
57%
P 2 Peter
57%
H Hosea
54%
P Philemon
54%
Z Zephaniah
54%
E Ecclesiastes
53%
H Habakkuk
53%
S Song of Solomon
53%
Z Zechariah
53%
N Nehemiah
51%
T 1 Thessalonians
50%
H Haggai
50%
M Micah
50%
T 2 Thessalonians
49%
N Nahum
47%
J Joel
46%
No matching quizzes found
Score Distribution
Percent of People with Each Score
Percentile by Number Answered
Your Score History
You have not taken this quiz since the last reset